| 000 | 00824nam a22002057a 4500 | ||
|---|---|---|---|
| 003 | 0 | ||
| 005 | 20250113161200.0 | ||
| 008 | 241108b xxu||||| |||| 00| 0 eng d | ||
| 050 |
_aPHS BL 1285 _b.Z22 2024 |
||
| 100 |
_aZalameda, Regina Sara, _eauthor. |
||
| 245 |
_aThe enduring power of funerary traditions of the Cordillera / _cRegina Sara Zalameda. |
||
| 260 |
_aLas PiƱas : _bSouthville International School and Colleges, _c2024. |
||
| 300 |
_aiv, 88 p. : _bcol. ill. ; _c30 cm. |
||
| 504 | _aIncludes bibliographical references. | ||
| 650 |
_aFuneral rites and ceremonies _vPhilippines _zCordillera (Region) |
||
| 650 |
_aDeath customs _vPhilippines _zCordillera (Region) |
||
| 650 |
_aCultural heritage _vPhilippines _zCordillera (Region) |
||
| 650 |
_aPhilippine Indigenous peoples _vFuneral rites |
||
| 942 |
_2lcc _cPASS |
||
| 999 |
_c366665 _d366665 |
||